Statistics for Landmarks of cycling competitions

Click here to take the quiz!

General Stats

  • This quiz has been taken 18 times
    (14 since last reset)
  • The average score is 13 of 22

Answer Stats

LandmarkRace% Correct
Alpe d'HuezTour de France
92%
TourmaletTour de France
92%
Mont VentouxTour de France
92%
StelvioGiro d'Italia
83%
CipressaMilano-Sanremo
83%
Carrefour de l'ArbreParis-Roubaix
83%
Arenberg forestParis-Roubaix
83%
PaterbergRonde van Vlaanderen
83%
Oude KwaremontRonde van Vlaanderen
83%
ZoncolanGiro d'Italia
75%
AngliruVuelta a España
75%
Mons-en-PévèleParis-Roubaix
67%
CaubergAmstel Gold Race
58%
MortiroloGiro d'Italia
58%
JaizkibelClásica San Sebastián
42%
Mur de HuyLa Flèche Wallonne
42%
Muro di SormanoGiro di Lombardia
33%
GaviaGiro d'Italia
33%
GhisalloGiro di Lombardia
17%
KemmelbergGand-Wevelgem
8%
Côte de Saint-NicolasLiegi-Bastogne-Liegi
8%
RedouteLiegi-Bastogne-Liegi
8%

Score Distribution

Percentile by Number Answered

Percent of People with Each Score

Your Score History

You have not taken this quiz since the last reset